| 000 | 00628pab a2200193 454500 | ||
|---|---|---|---|
| 008 | 180718b2017 xxu||||| |||| 00| 0 eng d | ||
| 100 | _aRamachandran, A. | ||
| 245 | _aAccomplishments and achievements in higher education in post independence era with special reference to agriculture and fisheries sector | ||
| 260 | _c2017 | ||
| 300 | _ap.88-91,95. | ||
| 362 | _a30 Jan | ||
| 650 | _aAcademic achievement - India | ||
| 650 | _aFisheries - India | ||
| 650 | _aAgricultural education - India | ||
| 650 | _aHigher education - India | ||
| 650 | _aAgricultural education | ||
| 773 | _aUniversity News | ||
| 909 | _a113769 | ||
| 999 |
_c113763 _d113763 |
||